Nhà thờ Đức bà Paris
Guardado en:
| Autor principal: | |
|---|---|
| Formato: | Libro |
| Lenguaje: | Undetermined |
| Publicado: |
Hà Nội
Văn học
2008
|
| Materias: | |
| Etiquetas: |
Agregar Etiqueta
Sin Etiquetas, Sea el primero en etiquetar este registro!
|
| Thư viện lưu trữ: | Trung tâm Học liệu Trường Đại học Cần Thơ |
|---|
| LEADER | 00535nam a2200205Ia 4500 | ||
|---|---|---|---|
| 001 | CTU_154933 | ||
| 008 | 210402s9999 xx 000 0 und d | ||
| 020 | |c 82000 | ||
| 082 | |a 843.7 | ||
| 082 | |b H895 | ||
| 100 | |a Hugo, Victor | ||
| 245 | 0 | |a Nhà thờ Đức bà Paris | |
| 245 | 0 | |c Victor Hugo ; Nhị Ca dịch | |
| 260 | |a Hà Nội | ||
| 260 | |b Văn học | ||
| 260 | |c 2008 | ||
| 650 | |a French fiction | ||
| 650 | |y 19th century | ||
| 904 | |i Giang | ||
| 980 | |a Trung tâm Học liệu Trường Đại học Cần Thơ | ||